| 000 | 00429aam a2200169 4500 | ||
|---|---|---|---|
| 005 | 20170111135334.0 | ||
| 008 | 150727b xxu||||| |||| 00| 0 spa d | ||
| 041 | _aInglés | ||
| 082 | _a428 L987c | ||
| 100 |
_aLynch, Tony _936042 |
||
| 245 | _aCommunication in the language classroom | ||
| 260 |
_aInglaterra _bOxford _c2003 |
||
| 300 | _a174 páginas | ||
| 650 |
_aINGLÉS _92062 |
||
| 650 |
_a ENSEÑANZA _9236 |
||
| 942 | _cBK | ||
| 999 |
_c8711 _d8711 |
||